000 00807nam a2200241Ia 4500
003 OSt
005 20220923221952.0
006 a|||||r|||| 00| 0
007 ta
008 220922b |||||||| |||| 00| 0 hin d
024 _a201,371
037 _cTextual
040 _aARTS
_cARTS
_bhin
041 _2hin
_ahin
082 _aV2:51y7M90, 152N4
100 _aसलिल, सुरेश
245 0 _aगणेश शंकर विद्यार्थी की जेल डायरी
246 _aGaṇesh shankar vidyārthī kī jel ḍāyarī
260 _aनई दिल्ली
_b प्रवीन प्रकाशन
_c1994
300 _a156पृ.
_ccm.
942 _hV2:51y7M90, 152N4
_cTEXL
_2CC
999 _c353024
_d353024